Les personnages d'Iron Man - #1 - Statistiques

Statistiques générales
  • Ce quiz a été pris 26 fois
  • Le résultat moyen est 5 sur 11
Statistiques - réponses
Réponse % Correct
Tony Stark / Iron Man
100%
Pepper Potts
78%
Obadiah Stane / Iron Monger
57%
James Rhodes
52%
Phil Coulson
48%
Happy Hogan
39%
Nick Fury
35%
Ho Yinsen
30%
Raza
17%
JARVIS
13%
Abu Bakaar
9%
Aucun quiz correspondant
Distribution des résultats
% des personnes avec chaque résultat
Percentile par nombre de réponses
Votre historique - résultats
Vous n’avez pas pris ce quiz